| 000 | 00459nam a22001937a 4500 | ||
|---|---|---|---|
| 001 | BT-PhCST | ||
| 003 | BT-PhCST | ||
| 005 | 20190204171534.0 | ||
| 008 | 150728b xxu||||| |||| 00| 0 eng d | ||
| 020 | _a8121901634 | ||
| 040 |
_aBT-PhCST _cBT-PhCST _dBT-PhCST |
||
| 050 | _a3730 | ||
| 082 |
_222 _a530 |
||
| 100 | _aTheraja, B. L. | ||
| 245 | _aModern Physics / | ||
| 260 |
_aNew Delhi, _bS Chand _cc1975. |
||
| 300 |
_bill, _c24 cm, |
||
| 942 |
_2ddc _cPHY _03 |
||
| 999 |
_c5865 _d5865 |
||